00424 2200193 4500001002100000005001500021035002000036245004000056100001100096250000600107300000800113856001200121260003900133082000800172084001400180600001000194990001300204990001300217INLIS00000000000159620250422093823 a0010-04250000121 aTerdampar Di Pulau Karang /cMahdin0 aMahdin a1 a114 aRak 800 aJakarta :bPT. Dian Ariesta,c2003 a813 a813 MAH t 4aFiksi a03.20127 a03.20128